000
00276nam a22001097a 4500
082
_a
297.07 ABD'I
100
_a
ABDUL, RAHIM
_9
64854
245
_a
ISLAMI TALEEMAT , PROMOTION EAXM LT TO CAPT
260
_a
RAWALPINDI
_b
ARMY EDUCATION PRESS
_c
1984
300
_a
73P
942
_c
BK
999
_c
573223
_d
573223